QUEST Central Library Banner

Development of Prototype Pid for Temperature Control (Record no. 58525)

MARC details
000 -LEADER
fixed length control field 00397nam a2200157Ia 4500
100 ## - MAIN ENTRY--AUTHOR NAME
Personal name 12ME25
100 ## - MAIN ENTRY--AUTHOR NAME
Personal name Aamir Sohail
245 #0 - TITLE STATEMENT
Title Development of Prototype Pid for Temperature Control
260 ## - PUBLICATION, DISTRIBUTION, ETC. (IMPRINT)
Place of publication Nawabshah
260 ## - PUBLICATION, DISTRIBUTION, ETC. (IMPRINT)
Name of publisher QUEST
260 ## - PUBLICATION, DISTRIBUTION, ETC. (IMPRINT)
Year of publication 2012
300 ## - PHYSICAL DESCRIPTION
Number of Pages 46
700 ## - ADDED ENTRY--PERSONAL NAME
Personal name Department of Mechanical Engineering
Holdings
Withdrawn status Lost status Home library Current library Date acquired Accession Number Koha item type
    Central Library, QUEST, Nawabshah Research Section 24/04/2018 MEP/26-339 Thesis and Dissertation

Copyright © 2018,The QUEST, Nawabshah, Shaheed Benazirabad. All rights reserved
Mr. G. Farooq Channar (Librarian) QUEST, Nawabshah, Sindh, Pakistan 67480.
 Ph#: |   0244-9370381-4 Ext. 2308   Email| lib@quest.edu.pk   Web|  http://www.quest.edu.pk